000
00208nam a22000977a 4500
999
_c
15950
_d
15950
003
OSt
008
191024b ||||| |||| 00| 0 eng d
100
_a
Sukumaran.
_9
4316
245
_a
Oru mudi kayiru
942
_c
BK